LEADER 04077nam 2200709Ia 450 001 9910785826503321 005 20230607231223.0 010 $a3-11-089246-4 024 7 $a10.1515/9783110892468 035 $a(CKB)2670000000250951 035 $a(EBL)3041962 035 $a(SSID)ssj0000559779 035 $a(PQKBManifestationID)11380600 035 $a(PQKBTitleCode)TC0000559779 035 $a(PQKBWorkID)10569621 035 $a(PQKB)11483059 035 $a(MiAaPQ)EBC3041962 035 $a(WaSeSS)Ind00014003 035 $a(DE-B1597)56145 035 $a(OCoLC)979588651 035 $a(DE-B1597)9783110892468 035 $a(Au-PeEL)EBL3041962 035 $a(CaPaEBR)ebr10597803 035 $a(OCoLC)922944861 035 $a(EXLCZ)992670000000250951 100 $a20021118d2002 uy 0 101 0 $aeng 135 $aurnn#---|u||u 181 $ctxt 182 $cc 183 $acr 200 00$aGenerative approaches to the acquisition of English by native speakers of Japanese$b[electronic resource] /$fedited by Shigenori Wakabayashi 205 $aReprint 2011 210 $aBerlin ;$aNew York $cMouton de Gruyter$d2002 215 $a1 online resource (288 p.) 225 0 $aStudies on language acquisition ;$v20 300 $aDescription based upon print version of record. 311 0 $a3-11-017659-9 320 $aIncludes bibliographical references and index. 327 $tFront matter --$tAcknowledgements --$tContents --$tIntroduction: What do Japanese learners of English tell us about SLA? /$rWakabayashi, Shigenori --$tI: VP structures --$tJapanese learners' acquisition of English motion verbs with goal PPs /$rInagaki, Shunji --$tUnaccusatives versus passives in L2 English /$rHirakawa, Makiko --$tII: Functional categories --$tThe acquisition of the nominative and accusative cases in English by Japanese learners at an early stage /$rSuda, Koji / Wakabayashi, Shigenori --$tThe acquisition of a second language C-system by Japanese learners of English /$rShirahata, Tomohiko --$tPied-piping and stranding in oblique relative clauses in Japanese EFL learners' interlanguage grammars /$rOhba, Hiromasa --$tIs an interlanguage a "possible grammar"?: How Japanese speakers learn CP structures in English /$rKuribara, Chieko --$tIII: New empirical data --$tJapanese learners' errors on long distance wh-questions /$rWakabayashi, Shigenori / Okawara, Izumi --$tN400 in the brain potential responses of second language learners: What ERPs suggest /$rTomita, Yuichi / Fukuda, Kazuhiko / Tatsuta, Natsuko --$tList of contributors --$tIndex 330 $aThis book is a collection of eight articles by leading scholars investigating of the acquisition of English by native speakers of Japanese. It deals with a wide range of topics from the acquisiton of VP structures to functional categories and presents new empirical data. The studies all contribute to our understanding of these topics, and they are of current interest to researchers working on Second Language Acquisition. 410 0$aStudies on Language Acquisition [SOLA] 606 $aEnglish language$xStudy and teaching$xJapanese speakers 606 $aEnglish language$xGrammar, Comparative$xJapanese 606 $aJapanese language$xGrammar, Comparative$xEnglish 606 $aJapanese language$xGrammar, Generative 606 $aEnglish language$xGrammar, Generative 615 0$aEnglish language$xStudy and teaching$xJapanese speakers. 615 0$aEnglish language$xGrammar, Comparative$xJapanese. 615 0$aJapanese language$xGrammar, Comparative$xEnglish. 615 0$aJapanese language$xGrammar, Generative. 615 0$aEnglish language$xGrammar, Generative. 676 $a428/.0089/956 686 $aHD 153$qSEPA$2rvk 701 $aWakabayashi$b Shigenori$f1962-$01466058 801 0$bMiAaPQ 801 1$bMiAaPQ 801 2$bMiAaPQ 906 $aBOOK 912 $a9910785826503321 996 $aGenerative approaches to the acquisition of English by native speakers of Japanese$93676348 997 $aUNINA